Detalles MARC
| 000 -LEADER |
| fixed length control field |
01355nam a2200385 a 4500 |
| 001 - CONTROL NUMBER |
| control field |
000025208 |
| 003 - CONTROL NUMBER IDENTIFIER |
| control field |
000025208 |
| 005 - DATE AND TIME OF LATEST TRANSACTION |
| control field |
20140709111910.0 |
| 008 - FIXED-LENGTH DATA ELEMENTS--GENERAL INFORMATION |
| fixed length control field |
110211s2011 dr a 000 0 spa d |
| 020 ## - INTERNATIONAL STANDARD BOOK NUMBER |
| International Standard Book Number |
9993483443 |
| 040 ## - CATALOGING SOURCE |
| Original cataloging agency |
BPMET |
| Language of cataloging |
spa |
| Transcribing agency |
BPMET |
| 049 ## - LOCAL HOLDINGS (OCLC) |
| Holding library |
BNPD |
| 092 ## - LOCALLY ASSIGNED DEWEY CALL NUMBER (OCLC) |
| Classification number |
922.27293 |
| Item number |
C343a |
| 100 1# - MAIN ENTRY--PERSONAL NAME |
| Personal name |
Cassá, Roberto |
| 245 10 - TITLE STATEMENT |
| Title |
Antonio Sánchez Valverde / |
| Statement of responsibility, etc. |
Roberto Cassá ; ilustraciones Ramiro Manzano. |
| 260 ## - PUBLICATION, DISTRIBUTION, ETC. (IMPRINT) |
| Place of publication, distribution, etc. |
Santo Domingo : |
| Name of publisher, distributor, etc. |
Tobogan, |
| Date of publication, distribution, etc. |
2011 |
| 300 ## - PHYSICAL DESCRIPTION |
| Other physical details |
47 p. |
| 490 1# - SERIES STATEMENT |
| Series statement |
Biografías dominicanas Tobogan |
| 504 ## - BIBLIOGRAPHY, ETC. NOTE |
| Bibliography, etc |
Bibliografía : p. 47 |
| 600 14 - SUBJECT ADDED ENTRY--PERSONAL NAME |
| Personal name |
SÁNCHEZ VALVERDE, ANTONIO |
| Titles and other words associated with a name |
SACERDOTE |
| -- |
ESCRITOR |
| Dates associated with a name |
1729-1791 |
| 651 #4 - SUBJECT ADDED ENTRY--GEOGRAPHIC NAME |
| Geographic name |
REPÚBLICA DOMINICANA |
| General subdivision |
HISTORIA |
| -- |
COLONIA |
| Chronological subdivision |
1503-1975 |
| 700 1# - ADDED ENTRY--PERSONAL NAME |
| Personal name |
Manzano, Ramiro, |
| Relator term |
il. |
| 830 #0 - SERIES ADDED ENTRY--UNIFORM TITLE |
| Uniform title |
Biografías dominicanas |
| 930 #1 - EQUIVALENCE OR CROSS-REFERENCE-UNIFORM TITLE HEADING [LOCAL, CANADA] |
| Language of a work |
BND01 |
| Medium of performance for music |
LF1 |
| Field link and sequence number |
20110315 |
| Date of a work |
01 |
| Name of part/section of a work |
CT |
| Miscellaneous information |
16108 |
| Medium |
e. 3 |
| 930 #1 - EQUIVALENCE OR CROSS-REFERENCE-UNIFORM TITLE HEADING [LOCAL, CANADA] |
| Language of a work |
BND01 |
| Medium of performance for music |
LF1 |
| Field link and sequence number |
20110211 |
| Date of a work |
01 |
| Name of part/section of a work |
CT |
| Miscellaneous information |
16108 |
| 930 #1 - EQUIVALENCE OR CROSS-REFERENCE-UNIFORM TITLE HEADING [LOCAL, CANADA] |
| Language of a work |
BND01 |
| Medium of performance for music |
LF1 |
| Field link and sequence number |
20110315 |
| Date of a work |
01 |
| Name of part/section of a work |
CT |
| Miscellaneous information |
16108 |
| Medium |
e. 2 |
| 942 ## - ADDED ENTRY ELEMENTS (KOHA) |
| Source of classification or shelving scheme |
Dewey Decimal Classification |
| Koha item type |
Libros |
| 956 ## - LOCAL ELECTRONIC LOCATION AND ACCESS (OCLC) |
| Host name |
YPOLANCO |
| Access number |
10 |
| Compression information |
20110211 |
| Logon |
BND01 |
| Processor of request |
1117 |
| 956 ## - LOCAL ELECTRONIC LOCATION AND ACCESS (OCLC) |
| Host name |
YPOLANCO |
| Access number |
10 |
| Compression information |
20110211 |
| Logon |
BND01 |
| Processor of request |
1117 |
| 956 ## - LOCAL ELECTRONIC LOCATION AND ACCESS (OCLC) |
| Host name |
BTAVAREZ |
| Access number |
10 |
| Compression information |
20110222 |
| Logon |
BND01 |
| Processor of request |
1011 |
| 956 ## - LOCAL ELECTRONIC LOCATION AND ACCESS (OCLC) |
| Host name |
BTAVAREZ |
| Access number |
10 |
| Compression information |
20110222 |
| Logon |
BND01 |
| Processor of request |
1011 |
| 956 ## - LOCAL ELECTRONIC LOCATION AND ACCESS (OCLC) |
| Host name |
YLOCKWARD |
| Access number |
10 |
| Compression information |
20110224 |
| Logon |
BND01 |
| Processor of request |
1036 |
| 956 ## - LOCAL ELECTRONIC LOCATION AND ACCESS (OCLC) |
| Host name |
YLOCKWARD |
| Access number |
10 |
| Compression information |
20110224 |
| Logon |
BND01 |
| Processor of request |
1042 |
| 956 ## - LOCAL ELECTRONIC LOCATION AND ACCESS (OCLC) |
| Host name |
YLOCKWARD |
| Access number |
10 |
| Compression information |
20110224 |
| Logon |
BND01 |
| Processor of request |
1043 |